000 00451nam a2200169 a 4500
001 0000-9064
003 ELIB.Books
008 110520 1958
035 _a(ELIB.Books)0000-9213
082 _a225.7
_bMor
100 _aMorris, Leon
245 _aTyndale (The First Epistle of Paul to the Corinthians)
260 _bLondon: The Tyndale Press
_c1958
650 _aCommentaries
942 _2ddc
_cBK
998 _cbat
_e2011-05-20
999 _c9064
_d9064